Soundgarden: Albums by Cover - Statistics

General Stats
  • This quiz has been taken 20 times
  • The average score is 5 of 6
Answer Stats
Picture Hint Answer % Correct
1994 Superunknown
100%
1991 Badmotorfinger
94%
1988 Ultramega OK
81%
1996 Down on the Upside
75%
1989 Louder Than Love
75%
2012 King Animal
69%
No matching quizzes found
Score Distribution
Percent of People with Each Score
Percentile by Number Answered
Your Score History
You have not taken this quiz